| 000 | 00905nam a2200241 a 4500 | ||
|---|---|---|---|
| 001 | 000013541 | ||
| 005 | 20240307073945.0 | ||
| 008 | 091125s1980 dr 001 0 spa d | ||
| 040 |
_aDO-SdBNP _bspa _cBNPHU |
||
| 082 |
_a378.7293 _bR789p |
||
| 100 | 1 |
_aRosario, Antonio _922267 |
|
| 245 | 1 | 3 |
_aLa palabra del rector / _cAntonio Rosario. |
| 260 |
_aSanto Domingo : _bUASD, _c1980. |
||
| 490 | 1 |
_aPublicaciones de la Universidad Autónoma de Santo Domingo _v291 |
|
| 490 | 1 |
_aEducación y sociedad _v15 |
|
| 500 | _aIncluye datos biográficos del autor en la contracubierta | ||
| 600 | 1 | 4 |
_aUNIVERSIDAD AUTÓNOMA DE SANTO DOMINGO _930876 |
| 650 | 4 |
_aDiscursos _zRepública Dominicana _930526 |
|
| 710 | 1 |
_aUniversidad Autónoma de Santo Domingo _972951 |
|
| 830 | 0 |
_aPublicaciones de la Universidad Autónoma de Santo Domingo _n291 _930877 |
|
| 830 | 0 |
_aEducación y sociedad _n15 _930878 |
|
| 049 | _aBNPD | ||
| 999 |
_c13164 _d13164 |
||